Essai de poétique
Saved in:
| Main Author: | |
|---|---|
| Other Authors: | |
| Format: | Unknown |
| Language: | French |
| Published: |
Liége [Liège]
Imprimerie et lithographie de J. Meyers, éditeur
1860
|
| Edition: | troisième édition, revue, corrigée et augmentée de plus de cent notices biographiques littéraires, ainsi que de nombreux extraits des auteurs cités |
| Textbook Catalogue: | MANES: Library Catalog Search Result |
| Textbook Classification: | |
| Subjects: | |
| Tags: |
Add Tag
No Tags, Be the first to tag this record!
|
| Added to: | 2016-04-26 |
MARC
| LEADER | 000000000a22000000004500 | ||
|---|---|---|---|
| 001 | 22159 | ||
| 008 | 160427s be ||||| |||| 00| 0 fre d | ||
| 040 | |a manes |c manes | ||
| 041 | |a Francés | ||
| 100 | 1 | |a NYSSEN [Jean Joseph] |b Ancien professeur de rhétorique au petit séminaire de St.Trond, membre hon. de la Société littéraire de l'Université cath. de Louvain |c Chanoine, curé de Saint-Jean à Liége, ancien directeur du petit séminaire du diocèse de Liége | |
| 245 | 0 | 0 | |a Essai de poétique |
| 250 | |a troisième édition, revue, corrigée et augmentée de plus de cent notices biographiques littéraires, ainsi que de nombreux extraits des auteurs cités | ||
| 260 | 3 | |a Liége [Liège] |b Imprimerie et lithographie de J. Meyers, éditeur |c 1860 | |
| 300 | |a VII+583 p. | ||
| 546 | |a Bélgica | ||
| 650 | 7 | |a Lenguaje | |
| 655 | 7 | |a Secundaria | |
| 700 | 1 | |a MEYERS, Pierre Auguste Hubert [complété] | |
| 942 | |2 ddc |c BK | ||
| 999 | |c 44487 |d 44487 | ||
| 999 | |c manes:44487 |d 44487 | ||